MDQL
is popping MORE tags! Check the
thread
!
Quizzes
Events
Quiz Creation
Community
Videos
Private Events
Remove Ads
Sign In
Join for FREE
Feedback
Dark Mode
Quiz Categories
Sports
Geography
Music
Movies
Television
Just For Fun
Miscellaneous
History
Literature
Language
Science
Gaming
Entertainment
Religion
Holiday
For Kids
Quiz Lab
Recent
Popular Today
Quiz Kudos Today
Editor Picks
Curator Picks
Quizzes by...
Day
Popularity
Type
Ratings
Length
Year
Community
Subscriptions
Recent Discussions
Orange Saloon
Badges
Playlists
Quests
Create
Leaderboards
Showdown
Live 5
Trivia Bingo
Activity
Puzzle Library
Sporcle Events
Private Events
Virtual Trivia
Globe League
Become a Host
Pub Owners
SporcleCon
Opinionation
Our Games
Videos
Blog
Mobile Apps
Partnerships
Remove Ads and Go Orange
Feedback
Sports
Athletes
MLB
NBA
NHL
NFL
Soccer
Sports Teams
WWE
NCAA
Football
Premier League
Basketball
Baseball
Hockey
Golf
Tennis
Cricket
Rugby
Auto Racing
Olympics
World Cup
Sports
Athletes
MLB
NBA
NHL
NFL
Soccer
Sports Teams
WWE
NCAA
Football
Premier League
Basketball
Baseball
Hockey
Golf
Tennis
Cricket
Rugby
Auto Racing
Olympics
World Cup
Random Quiz
Search Sporcle
×
Quiz Lab
Quiz Lab
Sports
NCAA
Type in answers that appear in a list
Type in answers that appear in a list
Classic
Best Score? Go Orange.
College football teams that made a bowl game in 2012 Stats
Can you name the College football teams that made a bowl game in 2012?
By
PatriotsFan
12m
70 Questions
123 Plays
123 Plays
123 Plays
Comments
Comments
Give Quiz Kudos
Give Quiz Kudos
-
- Ratings
hide this ad
Random Order
Randomize order of answers
Randomize order of answers
Replay
Link that replays current quiz
Next Quiz
Link to next quiz in quiz playlist
You Got
0%
They Got
Avg Score
77%
Avg Friend Score
Upgrade to see
Score Distribution
Jump to the score distribution portion of the page
Score
0/70
Timer
12:00
0
Plays Today
Bowl Game
Team
% Correct
BCS National Championship
Alabama
97.6%
Alamo
Texas
96.7%
Outback
Michigan
95.1%
Sugar
Florida
95.1%
Capital One
Georgia
94.3%
Fiesta
Oregon
94.3%
Chick Fil A
LSU
92.7%
BCS National Championship
Notre Dame
92.7%
Cotton
Texas AM
91.9%
Sun
USC
91.1%
Orange
Florida St
91.1%
Cotton
Oklahoma
90.2%
Holiday
UCLA
89.4%
Buffalo Wild Wings
Michigan St
88.6%
Sun
Georgia Tech
88.6%
Fiesta
Kansas St
88.6%
MAACO
Washington
87.8%
Rose
Wisconsin
87.8%
Independence
Ohio
87%
Russell Athletic
Virginia Tech
87%
MAACO
Boise St
86.2%
Meineke Car Care
Texas Tech
86.2%
Fight Hunger
Navy
86.2%
New Mexico
Arizona
85.4%
Fight Hunger
Arizona St
85.4%
Heart of Dallas
Oklahoma St
85.4%
Pinstripe
West Virginia
84.6%
Buffalo Wild Wings
TCU
84.6%
Outback
South Carolina
84.6%
Holiday
Baylor
82.9%
Capital One
Nebraska
82.9%
Pinstripe
Syracuse
82.1%
Alamo
Oregon St
82.1%
Music City
North Carolina St
82.1%
Chick Fil A
Clemson
82.1%
Bowl Game
Team
% Correct
Meineke Car Care
Minnesota
81.3%
Belk
Duke
79.7%
Armed Forces
Air Force
79.7%
Rose
Stanford
79.7%
BBVA Compass
Mississippi
79.7%
Sugar
Louisville
78.9%
BBVA Compass
Pitt
78%
Liberty
Iowa St
77.2%
Gator
Mississippi St
77.2%
Music City
Vanderbilt
74.8%
Gator
Northwestern
74.8%
Heart of Dallas
Purdue
74.8%
Russell Athletic
Rutgers
74%
Orange
Northern Illinois
73.2%
Poinsettia
BYU
71.5%
New Mexico
Nevada
69.1%
Idaho Potato
Utah St
65%
Belk
Cincinnati
64.2%
Hawaii
Fresno St
63.4%
Little Caesars
Central Michigan
63.4%
Liberty
Tulsa
63.4%
Beef O Bradys
UCF
62.6%
Poinsettia
San Diego St
61.8%
Hawaii
SMU
61%
Independence
Louisiana Monroe
60.2%
Armed Forces
Rice
59.3%
New Orleans
Louisiana Lafayette
58.5%
Idaho Potato
Toledo
56.9%
Military
San Jose St
55.3%
New Orleans
East Carolina
54.5%
Little Caesars
Western Kentucky
52.8%
GoDaddy.com
Arkansas St
52.8%
Military
Bowling Green
52%
GoDaddy.com
Kent St
52%
Beef O Bradys
Ball St
47.2%
Quiz Playlist
Details
Report
Send in Message
Add To Playlist
Classic:
Type in answers that appear in a list
Random Order:
Randomize order of answers
Last Updated: Feb 16, 2017
Quiz Scoreboard
CHALLENGE
Sign Up to Join the Scoreboard
Show All
Scores
Hide
Comments
May contain spoilers
Recently Published
Street Fighter Characters
by Artimus82
Gaming
60s
9x9 Crossword: Cartoon Network
by jackfrog10
Miscellaneous
3m
College Basketball Coaching Resumes
by pancakes188
Sports
9m
More to Explore
Quiz From the Vault
Featured Blog Post
Where Did the Easter Bunny Come From?
hide this ad
You Might Also Like...
Tags
College Quiz
Football Quiz
NCAA Quiz
Bowl Games
NCAA Football
Today's Top Quizzes in Sports
Browse Sports
hide this ad
Today's Top Quizzes in NCAA
Browse NCAA
Top Contributed Quizzes in Sports
1
2022 World Cup Stars
2
Les meilleurs buteurs des matchs entre le PSG et l’OM
3
FIFA Club World Cup Champions
4
Les entraîneurs de l'OM et du PSG au 21e siècle
5
Criteria MLB: Left Handed Sluggers
6
2023 MLB Unique Player Accomplishments
7
AFC Teams Reveal (Wrong Answers Minefield)
8
5-to-1: FBS Animal Nicknames
9
Players with Multiple 50 Home Run Seasons
10
5-to-1: UK Sports Teams
Explore More
Trending Topics
Harry Potter
Marvel
Anime
Kpop
NBA
Disney
Crossword
The Office
Soccer
Country
Puzzle
NFL
Pokémon
Song
WWE
hide this ad
More By:
PatriotsFan
Quiz
Plays
Rating
Category
Featured
Created
MLB All Star game MVPS since 2000
2,476
3.57
Sports
Feb 8, 2013
NFL Top 50 Rushers Since 2000
2,043
3.15
Sports
Feb 16, 2013
Fedex Cup Winner Since 2007
1,364
3.20
Sports
Nov 29, 2012
NFL Most Recieving Yards by Letter All Time
387
5.00
Sports
Jan 27, 2013
NFL RBs with over 12,000 career rushing yards
380
5.00
Sports
Dec 8, 2012
Go to Creator's Profile
Score Distribution
Quiz Creator Spotlight
PatriotsFan
Follow
Send a Message
Quizzes Created
-
Created Quiz Play Count
-
More By This Creator
Popular Quizzes Today
1
Find the US States - No Outlines Minefield
2
Find the Countries of Europe - No Outlines Minefield
3
The Countries of the World
4
Find the US States
5
Risky Map Clicking: Biggest States A-Z
6
US States
7
Popular People in 1961
8
Movies - When Are They Set?
More Sports Quizzes
International Footballers: Round Up the Russians
Quiz Lab
Trending Quizzes
Risky Map Clicking: Least Populous States A-Z
Countries of the World: 200 Million BC
1-10 Letter G Words
Risky Map Clicking: Next State Alphabetically
Adjectives in 80s TV Shows
Recently Updated
Leaping Animals
pecheneg
Reality TV Shows (A-Z)
bhenderson79
Rickey Henderson's Hall of Fame Teammates
pecheneg
Champions League XIs: Arsenal
pecheneg
Quick Pick: Celebrities in WWE's Hall of Fame
aduchscher
A-Z Keypad Blitz II
pecheneg
Multiple Oscar Actors
pecheneg
Mystery Phrase Blitz: Oscar 'Best Actors'
pecheneg
F. Scott Fitzgerald Novels
LTH
Pick 3 Villains
ddd62291
Trending Topics
Harry Potter
Marvel
Crossword
Anime
Disney
NBA
Kpop
Puzzle
Song
The Office
Pokémon
Soccer
Country
WWE
NFL
Your Account Isn't Verified!
In order to create a playlist on Sporcle, you need to verify the email address you used during registration. Go to your
Sporcle Settings
to finish the process.
Report this User
Report this user for behavior that violates our
Community Guidelines
.
Details:
Send Report
Go to the Sporcle.com Mobile Site →
Comments